Statistics for Countries whose Coastline is shorter than any Neighbour's

Click here to take the quiz!

General Stats

  • This quiz has been taken 85 times
  • The average score is 16 of 21

Answer Stats

COUNTRY% Correct
Monaco
89%
Uruguay
86%
Belize
85%
El Salvador
85%
Brunei
83%
Gambia
83%
Portugal
83%
Ecuador
82%
Dominican Republic
79%
East Timor
79%
Ireland
79%
Qatar
79%
Suriname
77%
South Korea
76%
United Arab Emirates
76%
Finland
73%
Bangladesh
67%
Yemen
67%
Jordan
64%
Equatorial Guinea
61%
Papua New Guinea
58%

Score Distribution

Percentile by Number Answered

Percent of People with Each Score

Your Score History

You have not taken this quiz